000 00955nam a2200301Ia 4500
001 24834
003 IT-RoPAU
008 130308s9999 xx 000 0 und d
040 _aIT-RoPAU
040 _cIT-RoPAU
041 _aITALIANO
100 _aVan Gennep Arnold
100 _gCodice Aut. SPICS: 12788
245 _aCiclo di maggio nei costumi popolari della Savoia (Il)
245 _bFesta (La)-Antropologia Etnologia Folklore
250 _a1a ed.
260 _aTORINO
260 _bRosenberg & Sellier
260 _c1977 [1° Ed.:1977 - Ed.Ling.Originale:1925]
300 _a"25 p. (prefazione: no ; testo: 25 [pagine: 149-173])"
500 _aPrimo maggio e Prima Domenica di maggio 3 maggio invenzione della Santa croce Rogazioni tre giorni Prima dell'Ascensione Note Sull'Autore e Sul testo
650 _aANTROPOLOGIA
650 _eCodice materia Spics: 3501
942 _cBK
957 _71
999 _c41725
_d41725
999 _bSI
999 _g1